Normal view MARC view

Entry Personal Name

Number of records used in: 1

001 - CONTROL NUMBER

  • control field: 8635

003 - CONTROL NUMBER IDENTIFIER

  • control field: DLC

005 - DATE AND TIME OF LATEST TRANSACTION

  • control field: 20210705120908.0

008 - FIXED-LENGTH DATA ELEMENTS

  • fixed length control field: 781004n| acannaab| |n aaa |||

010 ## - LIBRARY OF CONGRESS CONTROL NUMBER

  • LC control number: n 78072621

040 ## - CATALOGING SOURCE

  • Original cataloging agency: DLC
  • Transcribing agency: DLC

100 10 - HEADING--PERSONAL NAME

  • Personal name: Sedra, Adel S.

670 ## - SOURCE DATA FOUND

  • Source citation: Author's Filter theory and ... c1978:
  • Information found: t.p. (Adel S. Sedra, Dept. of Electrical Eng., Univ. of Toronto)

Powered by Koha